Flock foraging in nectar-feeding bats: advantages to the bats and to the host plants (Registro nro. 10861)

Detalles MARC
000 -CABECERA
Campo de control 005570000a22001690004500
090 ## - CLASIFICACIÓN LOCAL
Colección AR
Consecutivo 01784
041 0# - IDIOMA
Código de idioma para texto/pista de sonido o título separado
100 1# - ASIENTO PRINCIPAL--NOMBRE PERSONAL
Nombre personal Howell, D. J.
245 10 - MENCION DE TITULO
Título Flock foraging in nectar-feeding bats: advantages to the bats and to the host plants
650 14 - ASIENTO SECUNDARIO DE MATERIA - TERMINO TEMATICO
Término temático o nombre geográfico como elemento de entrada Relación planta-animal
650 14 - ASIENTO SECUNDARIO DE MATERIA - TERMINO TEMATICO
Término temático o nombre geográfico como elemento de entrada Murciélagos
650 14 - ASIENTO SECUNDARIO DE MATERIA - TERMINO TEMATICO
Término temático o nombre geográfico como elemento de entrada Hábitos alimentarios
651 #4 - ASIENTO SECUNDARIO DE MATERIA - NOMBRE GEOGRAFICO
-- Arizona
-- Estados Unidos
653 ## - TERMINO DE INDIZACION - NO CONTROLADO
-- Leptonycteris
-- Leptonycteris sanborni
773 1# - Item fuente:
Título American Naturalist
Especificación de materiales 122
Descripción física 1
Paginas del Articulo 23-49
Lugar, editorial y fecha de publicación 1979
Información sobre la relación 114
942 ## - ELEMENTOS ADICIONALES (KOHA)
Tipo de ítem Artículo
Existencias
Withdrawn status Lost status Damaged status No para préstamo Colección Ubicación Permanente Ubicación actual Fecha de adquisición Datos de publicación Seriada Total Checkouts Número topográfico Inventario / Código de Barras Date last seen Ejemplar Price effective from Forma de adquisición Tipo de material
      No para Préstamo Hemeroteca Bogotá Bogotá 27/02/2015 Fuera de circulación   AR 01784 012147 25/03/2015 1 25/03/2015   Artículo